| 000 | 00702nam a22002057a 4500 | ||
|---|---|---|---|
| 008 | 161104b xxu||||| |||| 00| 0 eng d | ||
| 020 | _a978-971-23-7741-9 | ||
| 082 |
_22015 _aDFil 899.211 _bL11l |
||
| 100 |
_916830 _aLacia, Ferdilyn C. |
||
| 245 |
_aThe literature's of the Philippines/ _cFerdilyn C. Lacia... [and 3 others]. |
||
| 250 | _aThird edition. | ||
| 260 |
_aSampaloc, Manila: _bRex Book Store, _cc2015. |
||
| 300 |
_axxiv, 201 pages; _c25 cm. |
||
| 500 | _aIncludes bibliographical references and index. | ||
| 650 | 0 |
_916834 _aPhilippine literature. |
|
| 700 |
_916831 _aLibunao, Lydia L. |
||
| 700 |
_916832 _aFabella, Mark G. |
||
| 700 |
_916833 _aBuhain, Vivian I. |
||
| 942 |
_2ddc _cDFIL |
||
| 999 |
_c5473 _d5473 |
||